Особенности взаимодействия неравновесной плазмы с живыми тканями; Вестник науки Сибири; № 3 (4)

Бібліографічні деталі
Parent link:Вестник науки Сибири: электронный научный журнал/ Томский политехнический университет (ТПУ).— , 2011-.— 2226-0064
№ 3 (4).— 2012.— [С. 44-48]
Інші автори: Алейник А. Н. Александр Никонорович, Байков А. Н. Александр Николаевич, Дамбаев Г. Ц. Георгий Цыренович, Денеко О. И. Оксана Игоревна, Жданова О. С. Оксана Сергеевна, Красноженов Е. П. Евгений Павлович, Семичев Е. В. Евгений Васильевич
Резюме:Заглавие с титульного листа
Показаны основные механизмы взаимодействия неравновесной плазмы с живыми тканями. Проведены исследования разработанного источника неравновесной плазмы. Подтверждена высокая эффективность стерилизации микроорганизмов.
Мова:Російська
Опубліковано: 2012
Серія:Физика. Математика
Предмети:
Онлайн доступ:http://earchive.tpu.ru/handle/11683/16055
Формат: MixedMaterials Електронний ресурс Частина з книги
KOHA link:https://koha.lib.tpu.ru/cgi-bin/koha/opac-detail.pl?biblionumber=479623

MARC

LEADER 00000naa2a2200000 4500
001 479623
005 20231101093351.0
035 |a (RuTPU)RU\TPU\prd\146526 
035 |a RU\TPU\prd\146465 
090 |a 479623 
100 |a 20120712d2012 k y0rusy50 ca 
101 0 |a rus 
102 |a RU 
135 |a drnn ---uucaa 
181 0 |a i  
182 0 |a b 
200 1 |a Особенности взаимодействия неравновесной плазмы с живыми тканями  |f А. Н. Алейник [и др.] 
203 |a Текст  |c электронный 
215 |a 1 файл (270 Кб) 
225 1 |a Физика. Математика 
230 |a Электронные текстовые данные (1 файл : 270 Кб) 
300 |a Заглавие с титульного листа 
320 |a [Библиогр.: с. 48 (9 назв.)] 
330 |a Показаны основные механизмы взаимодействия неравновесной плазмы с живыми тканями. Проведены исследования разработанного источника неравновесной плазмы. Подтверждена высокая эффективность стерилизации микроорганизмов. 
337 |a Adobe Reader 
461 1 |0 (RuTPU)RU\TPU\prd\143680  |x 2226-0064  |t Вестник науки Сибири  |o электронный научный журнал  |f Томский политехнический университет (ТПУ)  |d 2011- 
463 1 |0 (RuTPU)RU\TPU\prd\146314  |t № 3 (4)  |v [С. 44-48]  |d 2012 
610 1 |a физика 
610 1 |a неравновесная плазма 
610 1 |a живые ткани 
610 1 |a взаимодействие 
610 1 |a особенности 
610 1 |a стерилизация 
610 1 |a плазмохимические реакции 
610 1 |a труды учёных ТПУ 
610 1 |a электронный ресурс 
675 |a 533.924  |v 3 
701 1 |a Алейник  |b А. Н.  |c физик  |c старший научный сотрудник Томского политехнического университета, кандидат физико-математических наук  |f 1944-  |g Александр Никонорович  |2 stltpush  |3 (RuTPU)RU\TPU\pers\29756 
701 1 |a Байков  |b А. Н.  |g Александр Николаевич 
701 1 |a Дамбаев  |b Г. Ц.  |g Георгий Цыренович 
701 1 |a Денеко  |b О. И.  |c физик  |c инженер Томского политехнического университета  |f 1985-  |g Оксана Игоревна  |2 stltpush  |3 (RuTPU)RU\TPU\pers\29757 
701 1 |a Жданова  |b О. С.  |g Оксана Сергеевна 
701 1 |a Красноженов  |b Е. П.  |g Евгений Павлович 
701 1 |a Семичев  |b Е. В.  |g Евгений Васильевич 
801 1 |a RU  |b 63413507  |c 20090623  |g PSBO 
801 2 |a RU  |b 63413507  |c 20180115  |g PSBO 
856 4 |u http://earchive.tpu.ru/handle/11683/16055 
942 |c BK